Encyclopedia of American Literature of the Sea and Great Lakes

Na minha lista:
Detalhes bibliográficos
Formato: Livro
Idioma:English
Publicado em: 2001
Tags: Adicionar Tag
Sem tags, seja o primeiro a adicionar uma tag!
Thư viện lưu trữ: Mạng thư viện Đại học Đà Nẵng
LEADER 00662clm a22002531a 4500
001 000035019
003 11278
005 20151201000000.0
008 151027s2001 xxu 000 eng
020 |a 0–313–30148–4 
041 |a eng 
082 |a 810.9 
245 |a Encyclopedia of American Literature of the Sea and Great Lakes  |c Jill B. Gidmark 
260 |c 2001 
OWN |a LNN 
999 |a From the UDN01 
TYP |a Monograph 
980 |a Mạng thư viện Đại học Đà Nẵng